[Event "40th Olympiad Open"]
[Site "Istanbul TUR"]
[Date "2012.09.01"]
[Round "5.61"]
[Board "2"]
[White "Win, Tun"]
[Black "Al-Zayat, Ahmed"]
[Result "1-0"]
[BlackTitle "FM"]
[WhiteElo "2174"]
[BlackElo "1977"]
[WhiteTeam "Myanmar"]
[BlackTeam "Libya"]
[WhiteFideId "13003100"]
[BlackFideId "9200380"]
[EventDate "2012.08.28"]

1. d4 Nf6 2. Nf3 e6 3. Bf4 d6 4. e3 Nh5 5. Bg5 Be7 6. Bxe7 Qxe7 7. c4 O-O 8. Nc3
Nf6 9. Be2 b6 10. O-O Bb7 11. Qc2 Nbd7 12. Rfe1 h6 13. Rad1 a6 14. Nd2 Rad8 15.
Bf3 Bxf3 16. Nxf3 e5 17. e4 c6 18. Qa4 Nb8 19. Qb3 Qc7 20. Rd2 Nbd7 21. Red1
Rfe8 22. Qc2 exd4 23. Nxd4 Ne5 24. b3 d5 25. cxd5 cxd5 26. Nxd5 Nxd5 27. exd5
Qxc2 28. Nxc2 Rd6 29. Ne3 b5 30. Nf5 Rf6 31. Ng3 Nd7 32. f3 Rc8 33. Kf2 Nc5 34.
Ke3 Nd7 35. Ne4 Rb6 36. g4 g6 37. Rd3 f5 38. gxf5 gxf5 39. Ng3 f4+ 40. Kxf4 Rf6+
41. Ke3 Ne5 42. R3d2 Re8 43. Ne4 Rxf3+ 44. Kd4 Rf4 45. Re2 Nd7 46. Rde1 b4 47.
Kd3 Ne5+ 48. Kc2 Rc8+ 49. Kb1 Nf3 50. Rd1 Kf8 51. d6 Ne5 52. d7 Rd8 53. Nc5 Rf5
54. Ne6+ Ke7 55. Nxd8 Kxd8 56. Rd6 h5 57. Rd5 Rf1+ 58. Kb2 Nxd7 59. Red2 Rf7 60.
Rxh5 Kc7 61. Rg5 Rh7 62. Rg6 Kb7 63. Rdg2 Kc7 64. Rxa6 Rh4 65. Ra7+ Kc6 66. Rc2+
Nc5 67. Ra5 Rh5 68. Raxc5+ 1-0

[Event "40th Olympiad Open"]
[Site "Istanbul TUR"]
[Date "2012.09.01"]
[Round "5.61"]
[Board "3"]
[White "Asabri, Hussien"]
[Black "Myo Naing"]
[Result "1/2-1/2"]
[WhiteTitle "FM"]
[BlackTitle "IM"]
[WhiteElo "2211"]
[BlackElo "2312"]
[WhiteTeam "Libya"]
[BlackTeam "Myanmar"]
[WhiteFideId "9200177"]
[BlackFideId "13000071"]
[EventDate "2012.08.28"]

1. d4 Nf6 2. Nf3 g6 3. g3 Bg7 4. Bg2 O-O 5. c4 d6 6. O-O Nc6 7. Nc3 a6 8. h3 Bd7
9. e4 e5 10. d5 Ne7 11. Ne1 Ne8 12. Nd3 f5 13. f4 fxe4 14. Nxe4 exf4 15. Bxf4 h6
16. g4 g5 17. Be3 Rxf1+ 18. Qxf1 Ng6 19. Qf2 Nh4 20. Rf1 Qe7 21. Bh1 c5 22. b4
b6 23. bxc5 bxc5 24. Ndxc5 dxc5 25. Bxc5 Qd8 26. Bf8 Qc7 27. Qf7+ Kh8 28. Bxg7+
Nxg7 29. Rf6 Qa7+ 30. c5 Kh7 31. Rd6 Qb8 32. Rxd7 Qb1+ 33. Kh2 Qb2+ 34. Nf2 Qe5+
35. Kg1 Qe1+ 36. Kh2 Qe5+ 37. Kg1 Qe1+ 38. Kh2 Qe5+ 1/2-1/2

[Event "40th Olympiad Open"]
[Site "Istanbul TUR"]
[Date "2012.09.01"]
[Round "5.61"]
[Board "4"]
[White "Aung, Kyaw Moe"]
[Black "Asabri, Hassan"]
[Result "1/2-1/2"]
[WhiteElo "2149"]
[BlackElo "2179"]
[WhiteTeam "Myanmar"]
[BlackTeam "Libya"]
[WhiteFideId "6200281"]
[BlackFideId "9200258"]
[EventDate "2012.08.28"]

1. e4 e5 2. Nf3 Nc6 3. Bb5 a6 4. Bxc6 dxc6 5. O-O Bg4 6. h3 h5 7. Re1 Qf6 8. d3
Bxf3 9. Qxf3 Qxf3 10. gxf3 f6 11. f4 Bd6 12. fxe5 fxe5 13. Nc3 O-O-O 14. Ne2 Rf8
15. Rf1 Ne7 16. f4 exf4 17. Bxf4 Bxf4 18. Rxf4 g5 19. Rxf8+ Rxf8 20. Rf1 Rxf1+
21. Kxf1 Ng6 22. Kf2 Kd7 23. Kf3 Ne5+ 24. Kf2 c5 25. Ng3 h4 26. Nf5 Ng6 27. Kf3
Ne5+ 28. Kf2 Ng6 29. Kf3 Ne5+ 30. Kf2 Ng6 1/2-1/2

[Event "40th Olympiad Open"]
[Site "Istanbul TUR"]
[Date "2012.09.01"]
[Round "5.62"]
[Board "1"]
[White "Chipanga, Chiletso"]
[Black "Gohil, Mehul"]
[Result "1-0"]
[WhiteTitle "CM"]
[WhiteElo "2116"]
[BlackElo "2072"]
[WhiteTeam "Malawi"]
[BlackTeam "Kenya"]
[WhiteFideId "16400119"]
[BlackFideId "10800999"]
[EventDate "2012.08.28"]

1. d4 Nf6 2. c4 g6 3. Nc3 Bg7 4. Nf3 O-O 5. e3 d6 6. h3 Nbd7 7. Be2 c5 8. O-O b6
9. b3 Bb7 10. Bb2 a6 11. d5 Qc7 12. Re1 e6 13. e4 Nxe4 14. Nxe4 Bxb2 15. Rb1 Bg7
16. Bf1 exd5 17. cxd5 Rae8 18. Qd2 Ne5 19. Nh2 Re7 20. Rbd1 Rfe8 21. Kh1 b5 22.
Qf4 Nd7 23. Nxd6 f5 24. Rxe7 Rxe7 25. Nf3 Ba8 26. Qg3 Re5 27. Ne8 Qb8 28. Nxg7
Kxg7 29. Nxe5 Qxe5 30. Qxe5+ Nxe5 31. Re1 Nf7 32. Rd1 Nd6 33. Re1 Ne4 34. d6
Nxd6 35. Re6 Ne4 36. Rxa6 Bd5 37. Bxb5 Nxf2+ 38. Kg1 Nd1 39. Bc6 Bf7 40. Ra5 Nc3
41. Rxc5 Nxa2 42. Bd5 Be8 43. Rc8 Bb5 44. Bc4 Nc3 45. Bxb5 Nxb5 46. Rb8 Nd4 47.
b4 Kf6 48. b5 Ke6 49. b6 Kd7 50. Rh8 Kc6 51. Rxh7 Kxb6 52. Rh6 Kc7 53. Rxg6 Kd7
54. Kf2 Ke7 55. h4 Kf7 56. h5 f4 57. Rg4 Ne6 58. Kf3 Kf6 59. Rg6+ 1-0

[Event "40th Olympiad Open"]
[Site "Istanbul TUR"]
[Date "2012.09.01"]
[Round "5.62"]
[Board "2"]
[White "Atwoli, Joseph"]
[Black "Nyambalo, Joseph Xavier"]
[Result "0-1"]
[WhiteElo "2065"]
[BlackElo "2100"]
[WhiteTeam "Kenya"]
[BlackTeam "Malawi"]
[WhiteFideId "10800816"]
[BlackFideId "20500041"]
[EventDate "2012.08.28"]

1. e4 c5 2. b3 d6 3. Bb2 Nf6 4. Nc3 e5 5. Bc4 Be7 6. Nge2 O-O 7. O-O Nc6 8. d3
a6 9. a4 Nd4 10. f4 Bg4 11. fxe5 dxe5 12. Qd2 Nxe4 13. Nxe4 Nxe2+ 14. Kh1 Nd4
15. a5 Qd7 16. c3 Ne6 17. Qf2 Qc7 18. Qg3 Bh5 19. Rf5 Bg6 20. Qxe5 Bxf5 21. Qxf5
Qf4 22. Qh5 Ng5 23. Bd5 Rad8 24. c4 Nxe4 25. Bxe4 g6 26. Qe2 Bg5 27. Bxb7 Rfe8
28. Qc2 Bf6 29. Bxa6 Bxb2 30. Qxb2 Rxd3 31. Bb7 Rde3 32. g3 Re2 33. Qd2 Re1+ 0-1

[Event "40th Olympiad Open"]
[Site "Istanbul TUR"]
[Date "2012.09.01"]
[Round "5.62"]
[Board "3"]
[White "Mbedza, Richard"]
[Black "Gateri, Martin"]
[Result "1-0"]
[BlackTitle "FM"]
[WhiteElo "2045"]
[BlackElo "2082"]
[WhiteTeam "Malawi"]
[BlackTeam "Kenya"]
[WhiteFideId "16400143"]
[BlackFideId "10800174"]
[EventDate "2012.08.28"]

1. e4 c5 2. d3 e5 3. f4 d6 4. Nf3 Nc6 5. Be2 g6 6. O-O Bg7 7. c3 Nge7 8. Be3 O-O
9. Nbd2 exf4 10. Bxf4 d5 11. Qe1 f6 12. Qg3 Be6 13. Qh4 Bf7 14. Bh6 g5 15. Qh3
Qc8 16. g4 Ng6 17. Bxg5 fxg5 18. Nxg5 h6 19. Nxf7 Rxf7 20. Rxf7 Kxf7 21. exd5
Nce7 22. d6 Nd5 23. d4 Qe6 24. Bc4 Ke8 25. Qh5 Qe3+ 26. Kh1 Nf4 27. Qf5 a6 28.
Qf7+ Kd8 29. Qc7+ Ke8 30. d7+ 1-0

[Event "40th Olympiad Open"]
[Site "Istanbul TUR"]
[Date "2012.09.01"]
[Round "5.64"]
[Board "2"]
[White "Abrantes, Persson"]
[Black "Mensing, Fabio"]
[Result "1-0"]
[WhiteElo "1967"]
[BlackElo "2088"]
[WhiteTeam "Mozambique"]
[BlackTeam "Netherlands Antilles"]
[WhiteFideId "14800063"]
[BlackFideId "7500149"]
[EventDate "2012.08.28"]

1. d4 d5 2. c4 e5 3. dxe5 d4 4. Nf3 Nc6 5. Bg5 Be7 6. Bxe7 Ngxe7 7. e3 dxe3 8.
Qxd8+ Nxd8 9. fxe3 O-O 10. Nc3 Ndc6 11. h3 Be6 12. Be2 Rad8 13. Nb5 Nb4 14. Nbd4
Bf5 15. a3 Nd3+ 16. Bxd3 Bxd3 17. Rc1 a6 18. e6 f6 19. b4 Rfe8 20. Kf2 Be4 21.
Rhd1 b6 22. c5 b5 23. Nd2 Bd5 24. e4 Bb7 25. Ke3 Ng6 26. c6 Bc8 27. N2b3 Nf8 28.
Nc5 Re7 29. Nf5 Rde8 30. Nxe7+ Rxe7 31. Rd7 1-0

[Event "40th Olympiad Open"]
[Site "Istanbul TUR"]
[Date "2012.09.01"]
[Round "5.64"]
[Board "3"]
[White "Izijk, Jimmy"]
[Black "Cossa, Pedro Ventura"]
[Result "1-0"]
[WhiteElo "2066"]
[BlackElo "1995"]
[WhiteTeam "Netherlands Antilles"]
[BlackTeam "Mozambique"]
[WhiteFideId "7500041"]
[BlackFideId "14800071"]
[EventDate "2012.08.28"]

1. d4 d5 2. Nf3 Bf5 3. c4 e6 4. Qb3 b6 5. Nc3 c6 6. cxd5 exd5 7. Bf4 Bd6 8. Bxd6
Qxd6 9. e3 Nd7 10. Be2 Ngf6 11. O-O h6 12. Rac1 O-O 13. Rfd1 g5 14. Qa4 Rfe8 15.
Bd3 Bg4 16. Ne2 c5 17. Ng3 Ne4 18. Bb5 c4 19. h3 Nxg3 20. hxg4 Ne2+ 21. Kf1 Nxc1
22. Bxd7 Re7 23. Bf5 Nd3 24. Qc2 Nb4 25. Qb1 Nc6 26. g3 b5 27. Kg2 Kg7 28. Rh1
Qf6 29. Rh5 Ree8 30. Qh1 Rh8 31. Bb1 Rae8 32. a3 a5 33. Bf5 Rd8 34. Bb1 b4 35.
axb4 axb4 36. Bf5 Ra8 37. Bb1 Ra1 1-0

[Event "40th Olympiad Open"]
[Site "Istanbul TUR"]
[Date "2012.09.01"]
[Round "5.65"]
[Board "1"]
[White "Mustafa, Wail"]
[Black "Al-Hageri, Badr"]
[Result "1-0"]
[WhiteElo "2075"]
[BlackElo "2072"]
[WhiteTeam "Palestine"]
[BlackTeam "Kuwait"]
[WhiteFideId "4672062"]
[BlackFideId "10300163"]
[EventDate "2012.08.28"]

1. Nf3 d5 2. d4 Nf6 3. e3 e6 4. Bd3 Nbd7 5. b3 Be7 6. Nbd2 O-O 7. Bb2 c5 8. O-O
b6 9. c4 Bb7 10. Qe2 Ne4 11. Rfd1 f5 12. Nf1 Qe8 13. cxd5 exd5 14. Bb5 Bf6 15.
Ne5 Bxe5 16. dxe5 Qe6 17. Bxd7 Qxd7 18. Qh5 f4 19. f3 Rf5 20. Qh4 Qf7 21. fxe4
dxe4 22. Rd8+ Rxd8 23. Qxd8+ Qf8 24. Qxf8+ Rxf8 25. Rd1 f3 26. Rd2 Ba6 27. gxf3
Rxf3 28. Rf2 Rh3 29. Ng3 1-0

[Event "40th Olympiad Open"]
[Site "Istanbul TUR"]
[Date "2012.09.01"]
[Round "5.66"]
[Board "2"]
[White "Li, Hui"]
[Black "Ahmed, Fuad"]
[Result "0-1"]
[WhiteElo "1958"]
[BlackElo "1830"]
[WhiteTeam "Macau"]
[BlackTeam "Maldives"]
[WhiteFideId "15400310"]
[BlackFideId "16700023"]
[EventDate "2012.08.28"]

1. e4 e6 2. d4 d5 3. Nd2 dxe4 4. Nxe4 Bd7 5. Nf3 Bc6 6. Bd3 Nd7 7. O-O Bxe4 8.
Bxe4 c6 9. Bf4 Ngf6 10. Bd3 Nd5 11. Bg3 Be7 12. c4 N5f6 13. Qe2 Nh5 14. Rfd1
Nxg3 15. hxg3 O-O 16. a3 Nf6 17. b4 Qc7 18. Ne5 Rfe8 19. Qb2 Nd7 20. Nxd7 Qxd7
21. Qc2 g6 22. Be4 Bf6 23. Rac1 Bxd4 24. c5 e5 25. b5 Rab8 26. bxc6 bxc6 27. Qa4
Rec8 28. Rb1 Rxb1 29. Bxb1 Qg4 30. Bc2 Qe2 31. Rf1 Bxc5 32. Qb3 Rd8 33. Qc3 Bb6
34. Ba4 Rd2 35. Qf3 Qxf3 36. gxf3 c5 37. Bb5 f6 38. Bc4+ Kf8 39. Rc1 Ke7 40. Kf1
g5 41. g4 Rd4 42. Ke2 Kf8 43. Bd3 Kg7 44. Rc4 h6 45. Rc1 Ra4 46. Rc3 Kf8 47. Bc2
Rd4 48. Bd3 Ke7 49. Rc1 Kd6 50. Bc4 e4 51. fxe4 Rxe4+ 52. Kf3 Rf4+ 53. Kg3 Bc7
54. f3 Rxc4 55. Rd1+ Rd4 56. Re1 Rd2 57. f4 Kd5 58. Re7 Bxf4+ 59. Kf3 Rd3+ 60.
Kg2 Rxa3 61. Rh7 c4 62. Rxh6 c3 63. Rh8 c2 64. Rd8+ Kc6 65. Rc8+ Bc7 66. Rf8
c1=Q 67. Rxf6+ Kd5 0-1

[Event "40th Olympiad Open"]
[Site "Istanbul TUR"]
[Date "2012.09.01"]
[Round "5.66"]
[Board "3"]
[White "Abdul Rahman Ali"]
[Black "Celis, Joel"]
[Result "0-1"]
[WhiteElo "1912"]
[BlackElo "1810"]
[WhiteTeam "Maldives"]
[BlackTeam "Macau"]
[WhiteFideId "16700066"]
[BlackFideId "15400212"]
[EventDate "2012.08.28"]

1. f4 Nf6 2. d4 b6 3. Nf3 Bb7 4. e3 e6 5. Bd3 Ne4 6. O-O Be7 7. Nbd2 f5 8. c3
O-O 9. Qc2 d5 10. Ne5 Nd7 11. a3 Rf6 12. Ndf3 Rh6 13. Bd2 Bf6 14. Rad1 Nxe5 15.
dxe5 Be7 16. b4 Qe8 17. Be1 g5 18. Bxe4 dxe4 19. Nd2 gxf4 20. exf4 Qh5 21. Bg3
Bh4 22. Nc4 Bxg3 23. hxg3 Qh2+ 24. Kf2 Rg6 25. Ne3 Qxg3+ 26. Ke2 Qh2 27. Rf2
Qh5+ 28. Ke1 Rg3 29. Qe2 Qxe2+ 30. Kxe2 Bc6 31. c4 Be8 32. Rh1 Rd8 33. Rh3 Rxh3
34. gxh3 Bh5+ 35. Ke1 Rd3 36. Rg2+ Kf7 37. Kf2 Rxa3 38. b5 a6 39. bxa6 Rxa6 40.
Rg1 Ra2+ 41. Kg3 Re2 42. Ng2 Ke7 43. Re1 Rxe1 44. Nxe1 Be2 45. c5 bxc5 46. Kf2
Bd3 47. Ke3 Kd7 48. h4 Kc6 49. Kd2 Kd5 50. Kc3 c4 51. Ng2 e3 52. Nxe3+ Ke4 53.
Nd1 Kxf4 54. Kd4 c5+ 55. Kxc5 Kxe5 56. Nf2 Kf4 57. Nd1 e5 58. Kd5 e4 59. Kd4 Kg4
60. Ne3+ Kf4 61. h5 Kg5 62. h6 f4 63. Nd5 f3 64. Ke3 Kxh6 65. Kf2 Kg5 66. Kg3
Kf5 67. Kf2 Ke5 68. Nc3 Kd4 69. Nb5+ Kc5 70. Nc3 Kb4 71. Nd5+ Kb3 72. Ke3 c3 73.
Kd4 0-1

[Event "40th Olympiad Open"]
[Site "Istanbul TUR"]
[Date "2012.09.01"]
[Round "5.67"]
[Board "1"]
[White "Edirisinghe, Dulan"]
[Black "Tsang, Hon Ki"]
[Result "0-1"]
[WhiteElo "2046"]
[BlackElo "2084"]
[WhiteTeam "Sri Lanka"]
[BlackTeam "Hong Kong"]
[WhiteFideId "9900446"]
[BlackFideId "6000185"]
[EventDate "2012.08.28"]

1. d4 Nf6 2. c4 e6 3. Nc3 Bb4 4. Qc2 c5 5. Nf3 Nc6 6. dxc5 Bxc5 7. a3 d5 8. cxd5
Nxd5 9. Nxd5 Qxd5 10. e4 Qd6 11. Bb5 O-O 12. O-O Nd4 13. Nxd4 Bxd4 14. Bd2 Qe5
15. a4 Bxb2 16. Ra2 Bd4 17. Bb4 a6 18. Bxf8 Kxf8 19. Bd3 Bd7 20. Kh1 Rc8 21. Qb1
Bc6 22. Rc2 Bc5 23. Rc4 a5 24. Qc2 b6 25. f4 Qh5 26. Be2 Qh4 27. Rc3 Qe7 28. e5
Qh4 29. Qb3 Bd5 30. Bc4 Bb4 31. Rc2 Be4 32. Bd3 Rxc2 33. Qxc2 Bxd3 34. Qxd3 Bc5
35. Qd7 g6 36. g3 Qg4 37. Qd3 Kg7 38. Kg2 Qh5 39. Qe4 g5 40. fxg5 Qxg5 41. Qf4
Qg6 42. g4 h5 43. g5 Be7 44. h4 Qc2+ 45. Rf2 Qg6 46. Qe3 Bc5 47. Qf4 Bxf2 48.
Qf6+ Kg8 49. Kxf2 Qc2+ 50. Ke3 Qb3+ 51. Kd2 Qxa4 52. g6 Qd4+ 53. Kc2 Qe4+ 54.
Kc3 Qxg6 55. Qd8+ Kg7 56. Qxb6 Qg3+ 57. Kc4 Qxh4+ 58. Kd3 Qg3+ 59. Ke4 a4 60.
Qd8 a3 61. Qf6+ Kg8 62. Qd8+ Kh7 63. Qf8 Qg6+ 64. Kd4 a2 0-1

[Event "40th Olympiad Open"]
[Site "Istanbul TUR"]
[Date "2012.09.01"]
[Round "5.67"]
[Board "2"]
[White "Lee, T H Bryan"]
[Black "Anuruddha, G C"]
[Result "0-1"]
[WhiteElo "2016"]
[BlackElo "2137"]
[WhiteTeam "Hong Kong"]
[BlackTeam "Sri Lanka"]
[WhiteFideId "6000584"]
[BlackFideId "9900438"]
[EventDate "2012.08.28"]

1. e4 e6 2. d4 d5 3. Nd2 Nf6 4. e5 Nfd7 5. Bd3 c5 6. c3 Nc6 7. Ne2 Qb6 8. Nf3 f6
9. exf6 Nxf6 10. O-O Bd6 11. b3 O-O 12. dxc5 Qxc5 13. Be3 Qa5 14. b4 Qc7 15. Bc2
Kh8 16. Bb3 Ng4 17. h3 Nf6 18. a3 Ne7 19. c4 dxc4 20. Bxc4 Ned5 21. Bxd5 Nxd5
22. Qd3 Nxe3 23. Qxe3 e5 24. Rac1 Qe7 25. Nc3 Bf5 26. Ng5 Rad8 27. Nd5 Qe8 28.
Nc7 Qg6 29. g4 Bc8 30. Ne4 Be7 31. Rcd1 Rxd1 32. Rxd1 h5 33. Nd5 Bh4 34. f3 hxg4
35. hxg4 Bxg4 36. Kh2 Bxf3 37. Rg1 Qxe4 38. Qxe4 Bxe4 39. Rg4 Bxd5 40. Rxh4+ Kg8
41. Rh5 Rf2+ 0-1

[Event "40th Olympiad Open"]
[Site "Istanbul TUR"]
[Date "2012.09.01"]
[Round "5.67"]
[Board "3"]
[White "Alahakoon, Isuru"]
[Black "Scott, Ian"]
[Result "1/2-1/2"]
[WhiteElo "2060"]
[BlackElo "1725"]
[WhiteTeam "Sri Lanka"]
[BlackTeam "Hong Kong"]
[WhiteFideId "9900993"]
[BlackFideId "6000878"]
[EventDate "2012.08.28"]

1. e4 e5 2. Nf3 Nc6 3. Nc3 Bb4 4. a3 Bxc3 5. dxc3 d6 6. Bc4 Nf6 7. O-O O-O 8.
Re1 Qe7 9. Bg5 Nd8 10. Qd3 Ne6 11. Bh4 Nf4 12. Qe3 h6 13. Bg3 Ng4 14. Qd2 g5 15.
h3 Nf6 16. Bxf4 gxf4 17. Kh2 Kh8 18. g3 Qd7 19. Bf1 Nh5 20. Nh4 Rg8 21. Nf5 Qe6
22. g4 Ng7 23. c4 Qf6 24. c5 Bxf5 25. exf5 Nxf5 26. Qd3 Nh4 27. cxd6 cxd6 28.
Qe4 Rac8 29. Bd3 Ng6 30. b4 Rcd8 31. c4 f3 32. Re3 Qf4+ 33. Qxf4 Nxf4 34. Be4
Rd7 35. Rxf3 h5 36. gxh5 Rg5 37. Rg3 Rxg3 38. fxg3 Nxh5 39. Rd1 Nf6 40. Bf5 Rd8
41. c5 d5 42. b5 d4 43. c6 bxc6 44. bxc6 Ne8 45. Kg2 Rd6 46. Bd7 Nc7 47. Kf3 f5
48. Bxf5 Rxc6 49. Ke4 Rc5 50. Bd7 Nb5 51. Bxb5 Rxb5 52. Rd3 1/2-1/2

[Event "40th Olympiad Open"]
[Site "Istanbul TUR"]
[Date "2012.09.01"]
[Round "5.67"]
[Board "4"]
[White "Chan, Chak Man"]
[Black "Jayasundara, P K U M"]
[Result "0-1"]
[WhiteElo "1818"]
[BlackElo "2027"]
[WhiteTeam "Hong Kong"]
[BlackTeam "Sri Lanka"]
[WhiteFideId "6001300"]
[BlackFideId "9900578"]
[EventDate "2012.08.28"]

1. d4 Nf6 2. c4 c5 3. d5 b5 4. cxb5 a6 5. bxa6 g6 6. Nc3 Bxa6 7. e4 Bxf1 8. Kxf1
d6 9. Nf3 Bg7 10. g3 O-O 11. Kg2 Nbd7 12. Bg5 h6 13. Bd2 Qa5 14. Re1 Ng4 15. a4
Qb4 16. Qc2 Rfb8 17. Ra2 c4 18. h3 Nge5 19. Nd4 Nd3 20. Nc6 Nxe1+ 21. Bxe1 Qb3
22. Qxb3 cxb3 23. Ra3 Rb7 24. Nxe7+ Kf8 25. Nc6 Nc5 26. Ra1 Nd3 27. a5 Nxb2 28.
Rb1 Nd3 29. Na4 Nxe1+ 30. Rxe1 b2 31. Rb1 Rb3 32. Nb6 Rxa5 33. Nd7+ Ke8 34. Nxa5
Ra3 35. Nc4 Ra1 36. Rxb2 Bxb2 37. Ndb6 Ba3 38. e5 dxe5 39. d6 Bc5 40. Nd5 Ra2
41. Nf6+ Kd8 42. Ng4 h5 43. Ngxe5 Rxf2+ 44. Kh1 g5 45. g4 hxg4 46. hxg4 f6 47.
Nd3 Rc2 0-1

[Event "40th Olympiad Open"]
[Site "Istanbul TUR"]
[Date "2012.09.01"]
[Round "5.69"]
[Board "1"]
[White "Jones, Richard S."]
[Black "Meza Martinez, Alcides Ivan"]
[Result "1-0"]
[WhiteTitle "IM"]
[WhiteElo "2393"]
[BlackElo "2187"]
[WhiteTeam "Wales"]
[BlackTeam "Honduras"]
[WhiteFideId "1800833"]
[BlackFideId "8400610"]
[EventDate "2012.08.28"]

1. e4 e6 2. d4 d5 3. Nc3 Bb4 4. e5 c5 5. a3 Bxc3+ 6. bxc3 Qa5 7. Bd2 Qa4 8. Qg4
g6 9. Qd1 Nc6 10. Nf3 h6 11. Be3 c4 12. h4 Bd7 13. Qc1 O-O-O 14. Nh2 f5 15. Be2
Rf8 16. g3 Rf7 17. Nf3 Rfh7 18. Rf1 Rg7 19. Ng1 Nd8 20. Nh3 Nf7 21. Rb1 Qc6 22.
a4 Qc7 23. Qa3 g5 24. Qf8+ 1-0

[Event "40th Olympiad Open"]
[Site "Istanbul TUR"]
[Date "2012.09.01"]
[Round "5.69"]
[Board "2"]
[White "Huguet, Sergio"]
[Black "Kett, Tim"]
[Result "1/2-1/2"]
[WhiteTitle "FM"]
[WhiteElo "2094"]
[BlackElo "2237"]
[WhiteTeam "Honduras"]
[BlackTeam "Wales"]
[WhiteFideId "2212552"]
[BlackFideId "1801210"]
[EventDate "2012.08.28"]

1. d4 Nf6 2. e3 g6 3. Bd3 Bg7 4. f4 O-O 5. Nf3 d6 6. O-O b6 7. c4 c5 8. Nc3 cxd4
9. exd4 d5 10. Ne5 Bb7 11. f5 Nc6 12. fxg6 hxg6 13. Be3 dxc4 14. Bxc4 Nxe5 15.
dxe5 Qxd1 16. Raxd1 Ng4 17. Bf4 Rad8 18. Rxd8 Rxd8 19. h3 b5 20. Nxb5 Nxe5 21.
Bxe5 Bxe5 22. Rxf7 Bd5 23. Rxe7 Bxb2 24. Bxd5+ Rxd5 25. a4 Be5 26. Kf1 a6 27.
Nc7 Ra5 28. Nxa6 Bd6 29. Ra7 Rxa4 30. Ke2 Ra3 31. Ra8+ Kg7 32. Nc7 Rxa8 33. Nxa8
Kf6 34. Kf3 Bc5 35. Kg4 Be3 36. Nc7 Ke5 37. h4 Kd6 38. Nb5+ Ke5 39. Nc3 Bd2 40.
Ne2 Be3 41. g3 Kf6 42. Nf4 Bd2 43. Kf3 g5 44. hxg5+ Kxg5 45. Nh3+ Kf5 46. g4+
Kg6 1/2-1/2

[Event "40th Olympiad Open"]
[Site "Istanbul TUR"]
[Date "2012.09.01"]
[Round "5.69"]
[Board "3"]
[White "Dineley, Richard"]
[Black "Bobadilla, Yelso"]
[Result "1/2-1/2"]
[WhiteElo "2259"]
[BlackElo "1874"]
[WhiteTeam "Wales"]
[BlackTeam "Honduras"]
[WhiteFideId "1800680"]
[BlackFideId "8400970"]
[EventDate "2012.08.28"]

1. e4 e5 2. Nf3 Nc6 3. d4 exd4 4. Nxd4 Bc5 5. Nxc6 bxc6 6. Bd3 Qh4 7. Qe2 Nf6 8.
h3 O-O 9. Nd2 d5 10. g3 Qh5 11. Qxh5 Nxh5 12. Kf1 f5 13. e5 g6 14. Nf3 Bd7 15.
Kg2 f4 16. g4 Ng7 17. Bd2 Rad8 18. Rac1 Be6 19. c4 Be7 20. Ba5 Rd7 21. Nd4 c5
22. Nxe6 Nxe6 23. cxd5 f3+ 24. Kh2 Nf4 25. Bc4 Nxd5 26. Rhd1 c6 27. Rd3 Rf4 28.
b3 Kf7 29. Kg3 Re4 30. Rxf3+ Ke6 31. Bc3 Bg5 32. Rd1 Rxc4 33. bxc4 Nxc3 34. Rxd7
Ne2+ 35. Kg2 Kxd7 36. Rf7+ Ke6 37. Rxh7 Kxe5 38. Rxa7 Kd4 39. a4 Kxc4 40. Rb7
Bd2 41. Kf3 Kd3 42. Rb3+ Bc3 43. a5 Nd4+ 44. Kg2 c4 45. Ra3 Nb5 46. a6 Na7 47.
h4 Kc2 48. Rxc3+ Kxc3 49. h5 gxh5 50. gxh5 Kd3 51. h6 c3 52. h7 c2 53. h8=Q c1=Q
54. Qh7+ Kc4 55. Qxa7 Qg5+ 56. Kf3 Qf5+ 57. Ke2 Qc2+ 58. Ke3 Qc3+ 59. Ke4 Qd3+
60. Ke5 Qd5+ 61. Kf4 Qd6+ 62. Kf5 Qd5+ 63. Kf6 Qd8+ 64. Kg7 Qg5+ 65. Kf8 Qd8+
66. Kg7 Qg5+ 67. Kf7 Qh5+ 68. Kf6 Qh6+ 69. Ke5 Qg5+ 70. Kd6 Qf6+ 71. Kc7 Qe7+
72. Kb6 Qc5+ 73. Kb7 Qe7+ 74. Ka8 Qf8+ 75. Qb8 Qxf2 76. a7 Qf7 77. Qd8 Kc5 78.
Kb8 Qb3+ 79. Kc8 Qe6+ 80. Qd7 Qg8+ 81. Qd8 Qe6+ 82. Kb7 Qb3+ 83. Ka8 Qf7 84.
Qa5+ Kd6 85. Qb4+ Ke5 86. Qb2+ Ke4 87. Qb1+ Kd4 88. Qb2+ Kc5 89. Qa3+ Kb5 90.
Qd3+ Kb6 91. Qd8+ Ka6 92. Qc8+ Kb6 93. Qd8+ Ka6 94. Qd3+ Kb6 95. Qb1+ Ka6 96.
Qa1+ Kb6 97. Qb2+ Ka6 98. Qa3+ Kb6 99. Qb4+ Ka6 100. Qa4+ 1/2-1/2

[Event "40th Olympiad Open"]
[Site "Istanbul TUR"]
[Date "2012.09.01"]
[Round "5.70"]
[Board "3"]
[White "Bonsu, Kwadwo Owusu Bempa"]
[Black "Zerafa, Patrick"]
[Result "0-1"]
[BlackTitle "CM"]
[WhiteElo "1952"]
[BlackElo "2089"]
[WhiteTeam "Ghana"]
[BlackTeam "Malta"]
[WhiteFideId "12600172"]
[BlackFideId "5600375"]
[EventDate "2012.08.28"]

1. d4 Nf6 2. c4 g6 3. Nc3 Bg7 4. Nf3 O-O 5. g3 c5 6. Bg2 Na6 7. O-O d6 8. d5 Nc7
9. a4 a6 10. a5 Rb8 11. e4 b5 12. axb6 Rxb6 13. Ra3 e5 14. Rb3 Nd7 15. Bg5 f6
16. Be3 Rxb3 17. Qxb3 f5 18. exf5 gxf5 19. Bg5 Qe8 20. Na4 Na8 21. Qc2 Nab6 22.
Nxb6 Nxb6 23. Qb3 Nd7 24. Qa3 e4 25. Nd2 Ne5 26. b4 cxb4 27. Qxb4 Qd7 28. Qa5
Nd3 29. Be3 Be5 30. f4 Bf6 31. Nb3 Nb2 32. Qb4 Nd3 33. Qa5 Bb7 34. g4 Rc8 35.
Nd2 Qg7 36. Qb6 fxg4 37. Qxd6 Re8 38. Bxe4 Bd4 39. Bxd4 Qxd4+ 40. Kg2 Nc5 41.
Rf2 Nxe4 42. Nxe4 Qxe4+ 43. Kg3 Qxc4 44. Kxg4 Bxd5 45. Kg5 Qd4 46. Rc2 Qg7+ 47.
Kh4 Be6 48. h3 Qh6+ 49. Kg3 Qxh3+ 0-1

[Event "40th Olympiad Open"]
[Site "Istanbul TUR"]
[Date "2012.09.01"]
[Round "5.71"]
[Board "1"]
[White "Sanon, Mondoly"]
[Black "Kamara, Ansumana"]
[Result "1/2-1/2"]
[WhiteElo "2088"]
[BlackElo "2086"]
[WhiteTeam "Haiti"]
[BlackTeam "Sierra Leone"]
[WhiteFideId "11900059"]
[BlackFideId "1622218"]
[EventDate "2012.08.28"]

1. e4 c5 2. Nf3 Nc6 3. d4 cxd4 4. Nxd4 Nf6 5. Nc3 d6 6. Bb5 Bd7 7. O-O a6 8. Be2
e6 9. Be3 Be7 10. f4 Qc7 11. a3 b5 12. Qd2 O-O 13. Bf3 Rac8 14. Rad1 Na5 15. Be2
Nc4 16. Bxc4 Qxc4 17. Qd3 Rfd8 18. h3 Be8 19. Bf2 d5 20. e5 Qxd3 21. cxd3 Nh5
22. Nce2 g6 23. g4 Ng7 24. Be3 Bd7 25. Rc1 Rxc1 26. Rxc1 Rc8 27. Rxc8+ Bxc8 28.
Nc6 Bf8 29. b4 Bb7 30. Ned4 h5 31. Kf2 hxg4 32. hxg4 Ne8 33. Na5 Ba8 34. Ndc6 d4
35. Bxd4 Nc7 36. g5 Nd5 37. Kg3 Be7 38. Kg4 Kf8 39. Nb8 Nc7 40. Nbc6 Ke8 41.
Nxe7 Kxe7 42. Nb3 Bb7 43. Nc5 Bc8 44. Bc3 Nd5 45. Bd2 Ke8 46. Ne4 Bd7 47. Nf6+
Nxf6+ 48. exf6 Bc6 49. Kg3 Kd7 50. Kf2 Kd6 1/2-1/2